|
|
|
|
| LEADER |
02185nam a2200505 i 4500 |
| 001 |
EBC1840423 |
| 003 |
MiAaPQ |
| 005 |
20200903223051.0 |
| 006 |
m o d | |
| 007 |
cr cnu|||||||| |
| 008 |
141121t20142014enk ob 000 0 eng d |
| 020 |
|
|
|z 9781784410070
|
| 020 |
|
|
|a 9781784410063
|q (electronic bk.)
|
| 035 |
|
|
|a (MiAaPQ)EBC1840423
|
| 035 |
|
|
|a (Au-PeEL)EBL1840423
|
| 035 |
|
|
|a (CaPaEBR)ebr10978428
|
| 035 |
|
|
|a (CaONFJC)MIL660753
|
| 035 |
|
|
|a (OCoLC)889523106
|
| 040 |
|
|
|a MiAaPQ
|b eng
|e rda
|e pn
|c MiAaPQ
|d MiAaPQ
|
| 043 |
|
|
|a f-sa---
|a e-uk-en
|a e-gr---
|
| 050 |
|
4 |
|a HB109.S73
|b .S634 2014
|
| 082 |
0 |
|
|a 330.15
|2 23
|
| 245 |
0 |
0 |
|a Sraffa and Althusser reconsidered :
|b neoliberalism advancing in South Africa, England, and Greece /
|c edited by Paul Zarembka.
|
| 250 |
|
|
|a First edition.
|
| 264 |
|
1 |
|a Bingley, England :
|b Emerald,
|c 2014.
|
| 264 |
|
4 |
|c 2014
|
| 300 |
|
|
|a 1 online resource (297 pages).
|
| 336 |
|
|
|a text
|2 rdacontent
|
| 337 |
|
|
|a computer
|2 rdamedia
|
| 338 |
|
|
|a online resource
|2 rdacarrier
|
| 490 |
1 |
|
|a Research in Political Economy,
|x 0161-7230 ;
|v Volume 29
|
| 504 |
|
|
|a Includes bibliographical references at the end of each chapters.
|
| 588 |
|
|
|a Description based on online resource; title from PDF title page (ebrary, viewed November 21, 2014).
|
| 590 |
|
|
|a Electronic reproduction. Ann Arbor, MI : ProQuest, 2016. Available via World Wide Web. Access may be limited to ProQuest affiliated libraries.
|
| 600 |
1 |
0 |
|a Sraffa, Piero.
|
| 600 |
1 |
0 |
|a Althusser, Louis,
|d 1918-1990.
|
| 650 |
|
0 |
|a Neoliberalism
|z South Africa.
|
| 650 |
|
0 |
|a Neoliberalism
|z England.
|
| 650 |
|
0 |
|a Neoliberalism
|z Greece.
|
| 655 |
|
4 |
|a Electronic books.
|
| 700 |
1 |
|
|a Zarembka, Paul,
|e editor.
|
| 776 |
0 |
8 |
|i Print version:
|t Sraffa and Althusser reconsidered : neoliberalism advancing in South Africa, England, and Greece.
|b First edition.
|d Bingley, England : Emerald, c2014
|h x, 286 pages
|k Research in political economy ; Volume 29.
|z 9781784410070
|
| 797 |
2 |
|
|a ProQuest (Firm)
|
| 830 |
|
0 |
|a Research in political economy ;
|v Volume 29.
|
| 856 |
4 |
0 |
|u https://ebookcentral.proquest.com/lib/matrademy/detail.action?docID=1840423
|z Click to View
|